| 000 | 01141nam a2200337 i 4500 | ||
|---|---|---|---|
| 001 | 192661 | ||
| 003 | SpMaBN | ||
| 005 | 20250824094046.0 | ||
| 007 | ta | ||
| 008 | 230509s2020 sp | |||| 000 0 spa | ||
| 017 |
_aM 8832-2020 _bOficina Depósito Legal Madrid |
||
| 020 | _a9788409194216 | ||
| 035 | _a(OCoLC)1272897227 | ||
| 040 |
_aSpMaBN _bspa _cES-MaACL _erda |
||
| 080 | _a323.173(460.23) | ||
| 100 | 1 |
_aGutiérrez Peña, Florencio, _d1953- _eaut _9175692 |
|
| 245 | 1 | 3 |
_aEl separatismo temoso / _cFlorencio Gutiérrez Peña. |
| 264 | 1 |
_aMadrid : _b[F. Gutiérrez Peña], _c2020 |
|
| 300 |
_a147 páginas ; _c20 cm |
||
| 336 |
_aTexto _2rdacontent |
||
| 337 |
_asin mediación _2rdamedia |
||
| 338 |
_avolumen _2rdacarrier |
||
| 500 | _aÍndice | ||
| 650 | 0 |
_aMovimientos independentistas- _zCataluña _2embne _9176488 |
|
| 655 | 4 |
_aArtículos _9175745 |
|
| 852 |
_aEs-MaACL _bR. 153011 _jN-8292 _cDEPOJ _hDonación: Florencio Gutiérrez Peña _9199960 |
||
| 903 |
_aGutiérrez Peña, Florencio, _d1953- _ednr _9175692 |
||
| 942 |
_n0 _cMONOGRAFIA |
||
| 999 |
_c192661 _d192661 |
||